Normal view MARC view

Entry Personal Name

Number of records used in: 1

001 - CONTROL NUMBER

  • control field: 1082

003 - CONTROL NUMBER IDENTIFIER

  • control field: OSt

005 - DATE AND TIME OF LATEST TRANSACTION

  • control field: 20211105132210.0

008 - FIXED-LENGTH DATA ELEMENTS

  • fixed length control field: 211105|| aca||aabn | a|a d

040 ## - CATALOGING SOURCE

  • Original cataloging agency: OSt
  • Transcribing agency: OSt

100 ## - HEADING--PERSONAL NAME

  • Personal name: Schonfeld, F

670 ## - SOURCE DATA FOUND

  • Source citation: Work cat.: (OSt): Schonfeld, F., Atlas Der Himmelszone Zurichen 1 degree Und 23 degrees Sudlicher Declination Furden Anfang Des Jahres 1855(in German), 1887

Powered by Koha